LDR 01222naa#a2200229#i#450# 001 RU\\bibl\125589 005 20260630033603.2 011 ## _a2077-7566 100 ## _a20260629b2026####ek#y0rusy0150####ca 101 0# _aRUS 102 ## _aRU 200 1# _aКЛИНИЧЕСКАЯ ЭФФЕКТИВНОСТЬ ПРИМЕНЕНИЯ ИНДИВИДУАЛЬНОГО ПРОГРАММИРУЕМОГО ПРИКУСНОГО БЛОКА ДЛЯ ПРОФИЛАКТИКИ ОБОСТРЕНИЯ СИМПТОМОВ МЫШЕЧНО-СУСТАВНОЙ ДИСФУНКЦИИ _eЖурнальная статья 210 1# _aЕкатеринбург _cИздательский Дом «ТИРАЖ» _d2026 215 ## _a8 с. 608 ## _aЖурнальная статья _2local 675 ## _aСтоматология. Заболевания ротовой полости и зубов. 616.31 _zRUS 700 #1 _aНачарьян _gДмитрий Георгиевич 700 #1 _aАпресян _gСамвел Владиславович 700 #1 _aСтепанов _gАлександр Геннадьевич 700 #1 _aКопылов _gМаксим Валерьевич 700 #1 _aМосковец _gОксана Олеговна 856 4# _adental-press.ru _u